000 01096nam a2200277Ia 4500
999 _c53769
_d53769
001 20818
003 GE_BSU
005 20210421123349.0
008 181216s2010||||ru |||||||||||||| ||rus||
020 _a9785970414415
040 _cGE_BSU
041 _arus
080 _a577(075.8)+544 Ф-50
245 _aФизическая и коллоидная химия :
_bучебник /
_cА.П. Беляев, В. Кучук, К.И. Евстратова ; Под ред.проф. А.П.Беляева.
264 _aМосква :
_bГЭОТАР-Медиа,
_c2010.
300 _a704 стр. :
_bил. ;
_c21с м.
541 _h102л
653 _aФизическая и коллоидная химия
653 _aფიზიკური და კოლოიდური ქიმია
653 _aქიმია
700 _aБеляев, А.П.
_eАвтор
_911478
700 _aКучук, В.
_eАвтор
_911479
700 _aЕвстратова. К.И.
_eАвтор
_911480
700 _aПод проф. А.П.Беляева
_eРедактор
_911481
942 _cBK
_2udc